|
|
|
|
| LEADER |
00000cam a2200000 7i4500 |
| 001 |
0000007464 |
| 005 |
20151222.0 |
| 008 |
070903 |
| 020 |
|
|
|a 9831438507 (set)
|
| 020 |
|
|
|a 9831438566
|
| 090 |
0 |
0 |
|a JF
|b REG MAL (8538)
|
| 100 |
0 |
|
|a Nur Hidayah
|
| 245 |
1 |
0 |
|a Nabi Musa :
|b Dengan keluarga angkat
|c Nur Hidayah
|
| 260 |
|
|
|a Selangor ,
|c Mega Setia Emas ,
|c 2006
|
| 440 |
|
|
|a Koleksi kisah daripada Al-Quran
|
| 500 |
|
|
|a Children ages 7-9 years old (orange)
|
| 650 |
|
0 |
|a Junior fiction
|x Malay
|x Languages
|
| 650 |
|
0 |
|a Religion
|
| 999 |
|
|
|a 0000983649
|b Book
|c Children Collection
|e Cawangan Bandar Tenggara
|
| 999 |
|
|
|a 0000983650
|b Book
|c Children Collection
|e Perbadanan Perpustakaan Awam Johor
|
| 999 |
|
|
|a 0000983651
|b Book
|c Children Collection
|e Cawangan Bandar Tenggara
|
| 999 |
|
|
|a 0000983652
|b Book
|c Children Collection
|e Perbadanan Perpustakaan Awam Johor
|
| 999 |
|
|
|a 0001144598
|b Book
|c Children Collection
|e Cawangan Kota Tinggi
|